| 000 | 00000nam 2200000zi 4500 |
| 001 | 9.922080 |
| 003 | CaOODSP |
| 005 | 20231123084743 |
| 006 | m o d f |
| 007 | cr |n||||||||| |
| 008 | 230501e199402##oncbd ob f000 0 fre d |
| 040 | |aCaOODSP|bfre|erda|cCaOODSP |
| 043 | |an-cn---|an-mx--- |
| 086 | 1 |aE74-98/1994F-PDF |
| 245 | 00|aCanada-Mexique : |bprofil sectoriel : les possibiliteĢs du secteur mexicain des services de construction. |
| 264 | 1|a[Ottawa] : |bMinistère des affaires étrangères et du commerce international, Direction du commerce dans l'Amérique latine et les Antilles, |cfévrier 1994. |
| 264 | 4|c©1994. |
| 300 | |a1 ressource en ligne (1 volume (60 pages) : |bcartes, graphiques |
| 336 | |atexte|btxt|2rdacontent/fre |
| 337 | |ainformatique|bc|2rdamedia/fre |
| 338 | |aressource en ligne|bcr|2rdacarrier/fre |
| 500 | |aÉdition numérisée de l'imprimé [par Innovation, Sciences et Développement économique Canada]. |
| 500 | |aPublié aussi en anglais sous le titre : Canada-Mexico : industry profile : opportunities in Mexico : the construction services sector. |
| 504 | |aComprend des références bibliographiques (page 48). |
| 650 | 6|aConstruction|xIndustrie|zCanada. |
| 650 | 6|aConstruction|xIndustrie|zMexique. |
| 710 | 1 |aCanada. |bMinistère des affaires étrangères et du commerce international, |eorganisme de publication. |
| 775 | 08|tCanada-Mexico industry profile : |w(CaOODSP)9.892266 |
| 856 | 40|qPDF|s2.88 Mo|uhttps://publications.gc.ca/collections/collection_2023/isde-ised/E74-98-1994-fra.pdf |